000 00494nam a2200229Ia 4500
001 000702
003 YMCAF
005 20230512160031.0
008 100717s1971 ||||||||||||||||| ||und|d
024 _a702
035 _a685
040 _aYMCAF
_beng
_cIN-KoLT
041 _aeng
082 _a670
_bTUB
100 _aTUBLIN W.A.
245 0 _aMODERN ENGG. WORKSHOP PRACTICE
260 _c1971
300 _a382
653 _aMechanical
653 _aworkshop technology
942 _2ddc
_cBK
999 _c568
_d568